| 000 | 00514nam a22001937a 4500 | ||
|---|---|---|---|
| 003 | CEME | ||
| 005 | 20210628205044.0 | ||
| 008 | 210128b xxu||||| |||| 00| 0 eng d | ||
| 020 | _a81-203-1251-1 | ||
| 040 | _c. | ||
| 082 | _a658.7 DAT | ||
| 100 |
_aDatta, A.K _945500 |
||
| 245 | _aMaterials mangement;procedures, text and cases | ||
| 250 | _a2ND | ||
| 260 |
_aNEW DELHI _bPRENTICE HALL OF INDIA _c2001 |
||
| 300 | _aXIV,404P | ||
| 650 |
_aMATERIALS MANGEMENT.MATERIALS HANDLING _973660 |
||
| 942 |
_cBK _2ddc |
||
| 999 |
_c579320 _d579320 |
||